La revolución inglesa: 1688-1689

Saved in:
Bibliografiske detaljer
Hovedforfatter: Trevelyan, George Macaulay (Author)
Format: Bog
Sprog:spansk
Udgivet: Ciudad de México Fondo de Cultura Económica 1963
Udgivelse:2a. ed
Serier:Breviarios. Fondo de Cultura Económica, 43
Fag:
Tags: Tilføj Tag
Ingen Tags, Vær først til at tagge denne postø!

MARC

LEADER 00000cam a2200000 a 4500
001 UCP6368
003 CL-VaPUC
008 991022e19630000MX |||||||||||||||||spa|d
082 0 4 |a 941.067  |b TRE  |2 21 
100 0 |a Trevelyan, George Macaulay  |e author  |9 435468 
245 1 3 |a La revolución inglesa: 1688-1689 
250 |a 2a. ed 
300 |a 192 p 
942 |c BK 
945 |d 19991022 00:00:00  |a lriquelm 
260 |a Ciudad de México  |b Fondo de Cultura Económica  |c 1963 
600 0 7 |a CARLOS II  |2 CL-VaPUC  |9 394248 
600 0 7 |a JACOBO II  |2 CL-VaPUC  |9 435469 
650 0 |a Historia de Inglaterra  |9 376029 
650 7 |a REVOLUCION DE 1688  |2 CL-VaPUC  |9 435470 
650 7 |a HISTORIA INGLESA  |2 CL-VaPUC  |9 417272 
651 0 |a Gran Bretaña  |9 256767 
651 7 |a ESCOCIA  |2 CL-VaPUC  |9 332669 
651 0 |a Irlanda  |9 324541 
583 |a last modification  |c 20150406 09:32:15  |k Rodrigo Vera 
490 0 |a Breviarios. Fondo de Cultura Económica, 43 
999 |c 283955  |d 283953 
952 |0 0  |1 0  |4 0  |6 941_067000000000000_TRE_1963  |7 0  |8 A  |9 327516  |a BIBHIS  |b BIBHIS  |d 2019-11-20  |i 1383302  |o 941.067 TRE 1963  |p 1383302  |r 2025-01-20  |w 2019-11-20  |y BK  |k HIS 
952 |0 0  |1 0  |3 erd  |4 0  |6 941_067000000000000_TRE_1963  |7 0  |8 A  |9 327517  |a BIBHIS  |b BIBHIS  |i 5159024  |o 941.067 TRE 1963  |p 5159024  |r 2025-01-20  |w 2019-11-20  |y BK  |z Catalogado en:20150409  |k HIS